Easy Money Baby - Myke Towers - Estadísticas

Estadísticas generales
  • Esta prueba ha sido intentada 223 veces
  • La puntuación promedio es 11 de 18
Estadísticas de respuestas
Hint Respuesta % Correcto
1. MIB
82%
2. Tu
80%
8. La Playa
75%
12. Diosa
74%
10. Girl
73%
18. Funeral
65%
7. LVCC
63%
9. Relación Rota
63%
5. Si Se Da
63%
3. Parcerita
59%
13. Hechizo
55%
16. Otro
54%
14. Piensan
54%
17. Ronca
53%
4. Una Noche Mas
50%
11. Viral
44%
6. Fugaz
43%
15. Tiene que saber
37%
No se encontraron pruebas coincidentes
Distribución de puntuación
Porcentaje de gente con cada puntuación
Porcentaje por número respondido
Historial de tus puntuaciones
No has intentado esta prueba.